Al tarbiyat ul Arbia tul Islamiyah/ (Record no. 94475)
[ view plain ]
| 000 -LEADER | |
|---|---|
| fixed length control field | 00348nam a22001337a 4500 |
| 005 - DATE AND TIME OF LATEST TRANSACTION | |
| control field | 20170607102932.0 |
| 008 - FIXED-LENGTH DATA ELEMENTS--GENERAL INFORMATION | |
| fixed length control field | 170607b xxu||||| |||| 00| 0 eng d |
| 040 ## - CATALOGING SOURCE | |
| Transcribing agency | PK-LaUMT |
| 082 ## - DEWEY DECIMAL CLASSIFICATION NUMBER | |
| Classification number | ZIAC 297.07 |
| Item number | ALT- |
| 245 ## - TITLE STATEMENT | |
| Title | Al tarbiyat ul Arbia tul Islamiyah/ |
| 260 ## - PUBLICATION, DISTRIBUTION, ETC. (IMPRINT) | |
| Place of publication, distribution, etc | بیرت: |
| Name of publisher, distributor, etc | موسسۃ آل بیت، |
| Date of publication, distribution, etc | 1989 |
| 300 ## - PHYSICAL DESCRIPTION | |
| Extent | 324 ص |
| 942 ## - ADDED ENTRY ELEMENTS (KOHA) | |
| Koha item type | Books |
| Withdrawn status | Lost status | Damaged status | Home library | Current library | Date acquired | Full call number | Barcode | Date last seen | Copy number | Price effective from | Koha item type |
|---|---|---|---|---|---|---|---|---|---|---|---|
| UMT Main Campus | UMT Main Campus | 2017-06-07 | ZIAC 297.07 ALT- | 110011 | 2017-06-07 | V-1 | 2017-06-07 | Books |
